Plate bending analysis with boundary elements / (Record no. 64661)

000 -LEADER
fixed length control field 01219cam a2200349 a 4500
001 - CONTROL NUMBER
control field 711906
003 - CONTROL NUMBER IDENTIFIER
control field NUST - PNEC
005 - DATE AND TIME OF LATEST TRANSACTION
control field 20170116180852.0
008 - FIXED-LENGTH DATA ELEMENTS--GENERAL INFORMATION
fixed length control field 970528s1998 enka b 000 0 eng d
010 ## - LIBRARY OF CONGRESS CONTROL NUMBER
LC control number 97067408
020 ## - INTERNATIONAL STANDARD BOOK NUMBER
International Standard Book Number 1853125318
035 ## - SYSTEM CONTROL NUMBER
System control number (OCoLC)39394230
040 ## - CATALOGING SOURCE
Original cataloging agency DNASA-G
Transcribing agency LIBRARY
Modifying agency DLC
042 ## - AUTHENTICATION CODE
Authentication code lccopycat
050 04 - LIBRARY OF CONGRESS CALL NUMBER
Classification number TA660.P6
Item number P553 1998
082 00 - DEWEY DECIMAL CLASSIFICATION NUMBER
Classification number 620.00551535 ALI
100 ## - MAIN ENTRY--PERSONAL NAME
9 (RLIN) 5766
Personal name Aliabadi, M.H.
245 00 - TITLE STATEMENT
Title Plate bending analysis with boundary elements /
Statement of responsibility, etc. editor, M.H. Aliabadi.
260 ## - PUBLICATION, DISTRIBUTION, ETC.
Place of publication, distribution, etc. Southampton, UK ;
-- Boston :
Name of publisher, distributor, etc. Computational Mechanics Publications,
Date of publication, distribution, etc. c1998.
300 ## - PHYSICAL DESCRIPTION
Extent ix, 353 p. :
Other physical details ill. ;
Dimensions 25 cm.
490 0# - SERIES STATEMENT
Series statement Advances in boundary elements,
International Standard Serial Number 1460-1419 ;
Volume/sequential designation 2
504 ## - BIBLIOGRAPHY, ETC. NOTE
Bibliography, etc. note Includes bibliographical references.
650 #0 - SUBJECT ADDED ENTRY--TOPICAL TERM
Topical term or geographic name entry element Plates (Engineering).
General subdivision ME
650 #0 - SUBJECT ADDED ENTRY--TOPICAL TERM
Topical term or geographic name entry element Elastic plates and shells.
650 #0 - SUBJECT ADDED ENTRY--TOPICAL TERM
Topical term or geographic name entry element Boundary element methods.
650 #0 - SUBJECT ADDED ENTRY--TOPICAL TERM
Topical term or geographic name entry element Flexure.
700 1# - ADDED ENTRY--PERSONAL NAME
Personal name Aliabadi, M. H.
906 ## - LOCAL DATA ELEMENT F, LDF (RLIN)
a 7
b cbc
c copycat
d 2
e opcn
f 19
g y-gencatlg
942 ## - ADDED ENTRY ELEMENTS (KOHA)
Source of classification or shelving scheme
Koha item type Book
Holdings
Withdrawn status Lost status Source of classification or shelving scheme Damaged status Not for loan Permanent Location Current Location Shelving location Date acquired Total Checkouts Full call number Barcode Date last seen Price effective from Koha item type
          Pakistan Navy Engineering College (PNEC) Pakistan Navy Engineering College (PNEC)       620.00551535 ALI PNECLIB-023594 08/26/2015   Book
© 2023 Central Library, National University of Sciences and Technology. All Rights Reserved.